El maravilloso viaje de Nils Holgersson
Salvato in:
| Autore principale: | |
|---|---|
| Natura: | Libro |
| Lingua: | spagnolo |
| Pubblicazione: |
Ciudad de México
Porrúa
1979
|
| Edizione: | 4a. ed |
| Serie: | Colección sepan cuantos, 155
|
| Soggetti: | |
| Tags: |
Aggiungi Tag
Nessun Tag, puoi essere il primo ad aggiungerne!!
|
MARC
| LEADER | 00000nam a2200000 a 4500 | ||
|---|---|---|---|
| 001 | UCZ0152 | ||
| 003 | CL-VaPUC | ||
| 008 | 950724e19790510MX |||||||||||||||||spa|d | ||
| 082 | 0 | 4 | |a 839.7 |b LAG |2 21 |
| 100 | |a Lagerlöf, Selma |e author |9 576827 | ||
| 245 | 1 | 3 | |a El maravilloso viaje de Nils Holgersson |
| 250 | |a 4a. ed | ||
| 300 | |a 248 p | ||
| 942 | |c BK | ||
| 945 | |d 19950724 00:00:00 |a lriquelm | ||
| 260 | |a Ciudad de México |b Porrúa |c 1979 | ||
| 650 | 7 | |a CUENTOS SUECOS |2 CL-VaPUC |9 342796 | |
| 650 | 7 | |a LITERATURA SUECA |2 CL-VaPUC |9 342797 | |
| 650 | 0 | |a Cuentos infantiles |9 308044 | |
| 650 | 0 | |a Formas y géneros literarios |9 324031 | |
| 583 | |a last modification |c 19950724 00:00:00 |k Rodrigo Vera | ||
| 490 | 0 | |a Colección sepan cuantos, 155 | |
| 999 | |c 237118 |d 237116 | ||
| 952 | |0 0 |1 0 |4 0 |6 839_700000000000000_LAG_1979 |7 0 |8 P |9 245914 |a BIBEDU |b BIBEDU |d 2019-11-18 |i 1534513 |o 839.7 LAG 1979 |p 1534513 |r 2022-07-04 |w 2019-11-18 |y BK |k EDU | ||